书目信息 |
| 题名: |
当代社会科学哲学导论
|
|
| 作者: | 里斯乔德 著 ;殷杰 , 郭亚茹 , 申晓旭 译 | |
| 分册: | ||
| 出版信息: | 北京 科学出版社 2018 |
|
| 页数: | 317页 | |
| 开本: | 24cm | |
| 丛书名: | 社会科学哲学译丛 | |
| 单 册: | ||
| 中图分类: | C02 | |
| 科图分类: | ||
| 主题词: | 社会科学--she hui ke xue--科学哲学--研究 | |
| 电子资源: | ||
| ISBN: | 978-7-03-056856-4 | |
| 000 | 01628nam 2200349 450 | |
| 001 | 012001007281 | |
| 005 | 20131019095505.0 | |
| 010 | @a978-7-03-056856-4@dCNY98.00 | |
| 099 | @aCAL 012018075218 | |
| 100 | @a20180608d2018 em y0chiy50 ea | |
| 101 | 0 | @achi |
| 102 | @aCN@b110000 | |
| 105 | @ay z 001yy | |
| 106 | @ar | |
| 200 | 1 | @a当代社会科学哲学导论@Adang dai she hui ke xue zhe xue dao lun@f(美) 马克·里斯乔德著@g殷杰, 郭亚茹, 申晓旭译 |
| 210 | @a北京@c科学出版社@d2018 | |
| 215 | @a317页@d24cm | |
| 225 | 2 | @a社会科学哲学译丛@Ashe hui ke xue zhe xue yi cong |
| 300 | @a本书受教育部人文社会科学重点研究基地--山西大学科学技术哲学研究中心基金资助 | |
| 312 | @a原文题名取自封面 | |
| 320 | @a有书目 (第293-307页) 和索引 | |
| 330 | @a本书基于对社会的经验性研究考察了社会科学中持存的哲学问题,系统概括了社会科学哲学领域的诸多争论,特别是社会科学中新的研究范式所引发的哲学问题。本书引用了大量详尽的社会科学实例,以此来激发对于哲学问题的探讨,对此笔者都做了详细介绍。本书的各个研究主题涵盖了社会政策与社会科学的关系、解释性研究、行为解释、博弈论、社会科学的规范说明、意向性、因果建模、个案研究和试验等。 | |
| 410 | 0 | @12001 @a社会科学哲学译丛 |
| 500 | 10 | @aPhilosophy of social science : a contemporary introduction@APhilosophy Of Social Science : A Contemporary Introduction@mChinese |
| 606 | 0 | @a社会科学@Ashe hui ke xue@x科学哲学@x研究 |
| 690 | @aC02@v5 | |
| 701 | 1 | @a里斯乔德@Ali si qiao de@g(Risjord, Mark)@4著 |
| 702 | 1 | @a殷杰@Ayin jie@4译 |
| 702 | 0 | @a郭亚茹@Aguo ya ru@4译 |
| 702 | 0 | @a申晓旭@Ashen xiao xu@4译 |
| 801 | 2 | @aCN@b上海新华@c20191020 |
| 905 | @b1176434-7@dC02@e42@f4 | |
| 当代社会科学哲学导论/(美) 马克·里斯乔德著/殷杰, 郭亚茹, 申晓旭译.-北京:科学出版社,2018 |
| 317页;24cm.-(社会科学哲学译丛) |
| 本书受教育部人文社会科学重点研究基地--山西大学科学技术哲学研究中心基金资助 |
| ISBN 978-7-03-056856-4:CNY98.00 |
| 本书基于对社会的经验性研究考察了社会科学中持存的哲学问题,系统概括了社会科学哲学领域的诸多争论,特别是社会科学中新的研究范式所引发的哲学问题。本书引用了大量详尽的社会科学实例,以此来激发对于哲学问题的探讨,对此笔者都做了详细介绍。本书的各个研究主题涵盖了社会政策与社会科学的关系、解释性研究、行为解释、博弈论、社会科学的规范说明、意向性、因果建模、个案研究和试验等。 |
| ● |
| 相关链接 |
|
|
|
|
正题名:当代社会科学哲学导论
索取号:C02/42
 
预约/预借
| 序号 | 登录号 | 条形码 | 馆藏地/架位号 | 状态 | 备注 |
| 1 | 1176434 | 211764349 | 第一样本阅览室/ [索取号:C02/42] | 在馆 | |
| 2 | 1176435 | 211764358 | 第一借阅区/ [索取号:C02/42] | 在馆 | |
| 3 | 1176436 | 211764367 | 第一借阅区/ [索取号:C02/42] | 在馆 | |
| 4 | 1176437 | 211764376 | 第一借阅区/ [索取号:C02/42] | 在馆 |